| 000 | 00516nam a2200205 a 4500 | ||
|---|---|---|---|
| 999 |
_c6656 _d6656 |
||
| 001 | 6656 | ||
| 003 | BD-JhCC | ||
| 005 | 20180127183035.0 | ||
| 008 | 180127s1955 uk |||| |||| 000 0 eng d | ||
| 035 | _a(BD-JhCC) | ||
| 040 |
_aBD-JhCC _dBD-JhCC |
||
| 041 | _aeng | ||
| 082 |
_a823.91 _bALL 1955 |
||
| 100 | _aAllum, Tom | ||
| 245 |
_aHurricane Harland Takes the Plunge / _cTom Allum |
||
| 260 |
_aLondon: _bBlackie & Son Limited; _c1955 |
||
| 300 |
_a206 p;, _c18 cm |
||
| 650 | _aEnglish Fiction | ||
| 942 |
_2ddc _cBK |
||